| 000 | 00421nam a22001697a 4500 | ||
|---|---|---|---|
| 005 | 20180728124601.0 | ||
| 008 | 160514b xxu||||| |||| 00| 0 eng d | ||
| 020 | _a978-0-07-058190-6 | ||
| 041 | _aeng | ||
| 082 |
_b2429 _a658.3 |
||
| 100 |
_aSEKHARAN, UMA _94659 |
||
| 245 | _aOrganizational Behaviour | ||
| 260 |
_aNew Delhi _bTata McGraw Hill Ltd. _c2009 |
||
| 300 | _a325p, | ||
| 650 |
_aManagement _9241 |
||
| 942 | _cBK | ||
| 999 |
_c862 _d862 |
||